000 00310nam a22001457a 4500
008 210225b ||||| |||| 00| 0 eng d
020 _a9780073385112
041 _aeng
080 _a070
082 _a070
100 _a40
101 _aMED
245 _aCommunication Matters
_cFloyd, K
942 _2udc
_cBK
999 _c55233
_d55233